A critical and exegetical commentary on the Epistle to the Hebrews /

Bibliographic Details
Main Author: Moffatt, James, 1870-1944
Format: Book
Language:English
Published: New York : Charles Scribner's Sons, 1924.
Series:International critical commentary on the Holy Scriptures of the Old and New Testaments.
Subjects:
Online Access:CLICK HERE FOR ACCESS TO ELECTRONIC COPY OF TEXT

MARC

Tag First Indicator Second Indicator Subfields
LEADER 00000cam a2200000 a 4500
001 in00000059873
005 20240625160222.0
008 810403s1924 nyu b 001 0 eng d
010 |a  24021703  
016 7 |a 002517198  |2 Uk 
019 |a 766611  |a 1100322069  |a 1430464719 
020 |a 0567050343 
020 |a 9780567050342 
035 |a (OCoLC)ocm07302873  
035 |a (OCoLC)7302873  |z (OCoLC)766611  |z (OCoLC)1100322069  |z (OCoLC)1430464719 
035 |a (OCoLC)ocm07302873  
040 |a CFT  |b eng  |c CFT  |d BWE  |d OCL  |d OCLCQ  |d OCLCG  |d DRB  |d OCLCQ  |d IGR  |d OCLCQ  |d OCLCO  |d OCLCF  |d OCLCA  |d LUE  |d OCLCO  |d IGR  |d OCLCA  |d OCLCO  |d OCLCL  |d OCLCQ  |d OCLCL 
050 4 |a BS491  |b .I6 
082 0 4 |a 227.87 
100 1 |a Moffatt, James,  |d 1870-1944.  |1 https://id.oclc.org/worldcat/entity/E39PBJrKWPx3fcFVwxDJg9gFrq 
245 1 2 |a A critical and exegetical commentary on the Epistle to the Hebrews /  |c by James Moffatt. 
260 |a New York :  |b Charles Scribner's Sons,  |c 1924. 
300 |a lxxvi, 264 pages ;  |c 22 cm. 
336 |a text  |b txt  |2 rdacontent 
337 |a unmediated  |b n  |2 rdamedia 
338 |a volume  |b nc  |2 rdacarrier 
490 1 |a International critical commentary on the Holy Scriptures of the Old and New Testaments 
500 |a Series title in part at head of t.p. 
504 |a Bibliography included in "Introduction" (pages lxxiv-lxxvi). 
500 |a Includes indexes. 
505 0 |a Origin and aim -- Religious ideas -- Style and diction -- Text, commentaries, etc. -- Greek -- Subjects and authors -- Quotations, etc., of the Old Testament. 
630 0 0 |a Bible.  |p Hebrews  |v Commentaries. 
630 0 4 |a Bible.  |p N.T.  |p Hebrews  |v Commentaries. 
630 0 7 |a Bible.  |p Hebrews.  |2 fast  |0 (OCoLC)fst01892910 
630 0 7 |a Bibel  |p Hebräerbrief  |2 gnd 
650 7 |a Kommentar  |2 gnd 
650 1 7 |a Hebreeën (bijbelboek)  |2 gtt 
655 7 |a Commentaries.  |2 fast  |0 (OCoLC)fst01423723 
758 |i has work:  |a A critical and exegetical commentary on the Epistle to the Hebrews (Text)  |1 https://id.oclc.org/worldcat/entity/E39PCGBMPqyhT7p9ghJKQCgK7d  |4 https://id.oclc.org/worldcat/ontology/hasWork 
776 0 8 |i Online version:  |a Moffatt, James, 1870-1944.  |t Critical and exegetical commentary on the Epistle to the Hebrews.  |d New York : Scribner, 1924  |w (OCoLC)609200788 
830 0 |a International critical commentary on the Holy Scriptures of the Old and New Testaments. 
856 |u http://archive.org/details/criticalexegetic40moffuoft  |y CLICK HERE FOR ACCESS TO ELECTRONIC COPY OF TEXT 
948 |h HELD BY TXA - 188 OTHER HOLDINGS 
994 |a Z0  |b TXA 
999 f f |s 242ad594-ede2-3715-8516-bf589684492f  |i 3d30c025-5d68-3835-aa00-6cad6e4d242a  |t 0 
952 f f |p ric  |a Texas A&M University  |b Rellis Campus  |c Joint Library Facility  |d Remote Storage  |t 0  |e BS491 .I6 v.40  |h Library of Congress classification  |i unmediated -- volume  |m A14800604982 
998 f f |a BS491 .I6 v.40  |t 0  |l Remote Storage